000 00284nam a22001337a 4500
008 181221b xxu||||| |||| 00| 0 eng d
020 _a 9780822559160
041 _aeng
080 _a721
100 _a41
101 _aNDE
245 _aA Library Story
_cVogel,J
942 _2udc
_cBK
999 _c53672
_d53672